AH International Schools' Libraries

Integrating: (Record no. 49577)

MARC details
000 -LEADER
fixed length control field 00442nam a2200133 4500
020 ## - INTERNATIONAL STANDARD BOOK NUMBER
International Standard Book Number 9780133388299
100 ## - MAIN ENTRY--PERSONAL NAME
Personal name Tomilson, Carol Ann.
9 (RLIN) 86698
245 ## - TITLE STATEMENT
Title Integrating:
Remainder of title differentiated instruction and understanding by design /
Statement of responsibility, etc Carol Ann Tomilson and Jay McTighe.
260 ## - PUBLICATION, DISTRIBUTION, ETC. (IMPRINT)
Place of publication, distribution, etc Boston:
Name of publisher, distributor, etc Pearson;
Date of publication, distribution, etc 2006.
300 ## - PHYSICAL DESCRIPTION
Extent 199 p.
Dimensions 23 cm.
650 ## - SUBJECT ADDED ENTRY--TOPICAL TERM
Topical term or geographic name as entry element Education. Teaching.
9 (RLIN) 60678
700 ## - ADDED ENTRY--PERSONAL NAME
Relator code Author.
Personal name Jay McTighe.
9 (RLIN) 86699
942 ## - ADDED ENTRY ELEMENTS (KOHA)
Source of classification or shelving scheme
Koha item type Teacher's Resources
Holdings
Withdrawn status Lost status Source of classification or shelving scheme Damaged status Not for loan Collection code Home library Current library Shelving location Date acquired Full call number Barcode Date last seen Price effective from Koha item type
          TEACHERS' RESOURCES Asian Hope Secondary Library Asian Hope Secondary Library SECONDARY 09/19/2025 372.102 TOM 208737 09/19/2025 09/19/2025 Teacher's Resources

For any Logos Library related questions please contact Miss Art at swongnarasuk@asianhope.org.

For any Asian Hope Library related questions please contact Miss Raza at graza@asianhope.org.

Click here to explore our ebooks!

Powered by Koha